000 00461nam a2200181Ia 4500
999 _c31526
_d31526
003 OSt
005 20250522152323.0
008 250310s9999||||xx |||||||||||||| ||und||
020 _a0-425-09565-7
040 _c.
082 _a823.912
_bH6157
100 _94842
_aHeyer, Georgette
245 0 _aThey found him dead /
_cGeorgette Heyer
260 _aNew York :
_bBerkley books,
_c1987.
300 _a233 p.
650 0 _92474
_aEnglish fiction
942 _cBK
_2ddc